Szczegóły MARC21

Francuzsko-russkij slovar' : okolo 25 000 slov /

003 -Nazwa inst., której nr kontr. jest w polu 001 [,]
    • @
    • Nazwa instytucji, której n kontrolny jest w polu 001
    • NUKAT
005 -DATA I CZAS OSTATNIEJ MODYFIKACJI [,]
    • @
    • pole kontrolne
    • 20241231114630.0
040 -Instytucja sporządzająca opis [ , ]
    • a
    • Instytucja, która sporządziła opis (NP)
    • WA U/80MW
    • c
    • Instytucja, która sporządziła rekord (NP)
    • WA U/MW
    • d
    • Instytucja, która zmodyfikowała rekord (P)
    • WA U/ACH
    • d
    • Instytucja, która zmodyfikowała rekord (P)
    • SZCZ U/EPs
041 -Język dokumentu [0, ]
    • a
    • Język tekstu (P)
    • francuski
    • a
    • Język tekstu (P)
    • rosyjski
942 -Rodzaj dokumentu [ , ]
    • c
    • Rodzaj dokumentu
    • Książka
100 -Hasło główne - nazwa osobowa [1, ]
    • a
    • Nazwa osobowa (NP)
    • Potockaâ, Varvara Vasil'evna.
    • 9
    • KHW
    • 421473
245 -Strefa tytułu i oznaczenia odpowiedzialności [1,0]
    • a
    • Tytuł
    • Francuzsko-russkij slovar' : Find
    • b
    • Ciąg dalszy tytułu (NP)
    • okolo 25 000 slov / Find
    • c
    • Pozostałe elementy strefy tytułu i oznaczenia odpowiedzialności (NP)
    • V. V. Potockaâ, N. P. Potockaâ.
246 -Wariant tytułu [1,5]
    • a
    • Tytuł (NP)
    • Dictionnaire français-russe
250 -Strefa wydania [ , ]
    • a
    • Oznaczenie wydania (NP)
    • Izd. 16-e, stereotipnoe.
260 -Strefa adresu wydawniczego [ , ]
    • a
    • Miejsce wydania (P)
    • Moskva :
    • b
    • Nazwa wydawcy (P)
    • Izdatel'stvo "Ruskij âzyk",
    • c
    • Data wydania (P)
    • 1978.
300 -Strefa opisu fizycznego [ , ]
    • a
    • Określenie formy książki i/lub objętość (NP)
    • 671, [1] s. ;
    • c
    • Format (NP)
    • 17 cm.
336 -Typ zawartości [ , ]
    • a
    • Termin opisujący typ zawartości
    • Tekst
    • b
    • Kod określający zawartość
    • txt
    • 2
    • Źródło (terminu i kodu)
    • rdacontent
337 -Typ mediów [ , ]
    • a
    • Tryb odtwarzania
    • Bez urządzenia pośredniczącego
    • b
    • Kod typu mediów
    • n
    • 2
    • Źródło (terminu i kodu)
    • rdamedia
338 -Typ/rodzaj nośnika [ , ]
    • a
    • Hasło opisujące typ nośnika
    • Wolumin
    • b
    • Kod typu nośnika
    • nc
    • 2
    • Źródło (terminu i kodu)
    • rdacarrier
650 -Hasło przedmiotowe [ ,7]
    • a
    • Hasło przedmiotowe
    • Język francuski
    • v
    • Określnik formalny
    • słowniki rosyjskie.
    • 2
    • Źródło terminu
    • kaba
    • 9
    • KHW
    • 476072
700 -Hasło dodatkowe - nazwa osobowa [1, ]
    • a
    • Nazwa osobowa (NP)
    • Potockaâ, Natal'â Pavlovna. Find
    • 9
    • KHW
    • 475957
Numer inwentarzowy Status udost. Lokalizacja Sygnatura
R.20801BMROS. Słowniki dwujęzyczne 21